000 01074nam a22003257a 4500
001 BR2011007916
003 BR-BrBNA
005 20230928103818.0
007 ta
008 230509b bl.||||| |||| 00| 0 por d
040 _aBR-BrBNA
_bpor
_cBiblioteca Nacional de Agricultura
041 _a(Por)
072 _aE80
_b1215
090 _ 1215 BR2011007916
100 1 _aHuhn, S.
100 1 _aNazaré, R.F.R. de
100 1 _aNascimento Júnior, J. de D.B.
100 1 _aCarvalho, R. de A.
110 1 _aAssociação das Comunidades dos Remanescente de Quilombos do Município de Oriximiná, São Paulo, SP (Brasil)
_9910
110 1 _aComissão Pró-Índio de São Paulo, SP (Brasil)
110 1 _aEMBRAPA Amazônia Oriental, São Paulo, SP (Brasil)
245 1 _aReceitas deliciosas de castanha-do-pará
_bProjeto Manejo dos Territórios Quilombolas
260 3 _aSão Paulo, SP (Brasil):
_c2001.
300 _a31 p.
500 _a16 illus
650 _aCULINÁRIA
650 _aCASTANHA DO PARÁ
909 _a202309
_bLucia
_c55
_dLucia Elande
942 _cBK
999 _c76754
_d76754